| 000 | 00000nam 2200000zi 4500 |
| 001 | 9.949807 |
| 003 | CaOODSP |
| 005 | 20250822092823 |
| 006 | m o d f |
| 007 | cr cn||||||||| |
| 008 | 250404t20252025onca obs f000 0 fre d |
| 020 | |a9780660768267 |
| 040 | |aCaOODSP|bfre|erda|cCaOODSP |
| 043 | |an-cn--- |
| 086 | 1 |aHP15-14/2025F-PDF |
| 245 | 00|aPrincipaux résultats sur les chutes des enfants. |
| 264 | 1|a[Ottawa] : |bAgence de la santé publique du Canada = Public Health Agency of Canada, |c[2025] |
| 264 | 4|c©2025 |
| 300 | |a1 ressource en ligne (1 page) : |billustrations |
| 336 | |atexte|btxt|2rdacontent/fre |
| 337 | |ainformatique|bc|2rdamedia/fre |
| 338 | |aressource en ligne|bcr|2rdacarrier/fre |
| 500 | |aPublié aussi en anglais sous le titre : Key findings on children's falls. |
| 500 | |a« Pub. : 250161. » |
| 504 | |aComprend des références bibliographiques. |
| 650 | 6|aEnfants|xAccidents|zCanada|vStatistiques. |
| 650 | 6|aChutes (Accidents)|zCanada|vStatistiques. |
| 655 | 7|aStatistiques|2rvmgf |
| 710 | 2 |aAgence de santé publique du Canada, |eorganisme de publication. |
| 775 | 08|tKey findings on children's falls.|w(CaOODSP)9.949804 |
| 856 | 40|qPDF|s347 Ko|uhttps://publications.gc.ca/collections/collection_2025/aspc-phac/HP15-14-2025-fra.pdf |